[Event "DESC V0106 email"]
[Site "DESC email"]
[Date "2002.05.15"]
[Round "?"]
[White "Ramus, Norbert"]
[Black "Binder, Klaus"]
[Result "1-0"]
[WhiteElo "1891"]
[BlackElo "1617"]
[PlyCount "35"]
[EventDate "2002.??.??"]
[EventType "tourn (corr)"]
[EventRounds "6"]
[EventCountry "GER"]
[SourceTitle "Corr 2004"]
[Source "ChessBase"]
[SourceDate "2003.04.28"]
[SourceVersion "3"]
[SourceVersionDate "2003.04.28"]
[SourceQuality "1"]

1. e4 e6 2. d4 d5 3. Nc3 dxe4 4. Nxe4 Nc6 5. Nf3 Nf6 6. Nxf6+ Qxf6 7. Bg5 Qf5 8. c3 Bd6 9. Bd3 Qg4 10. 0-0 Qh5 11. Be3 0-0 12. Re1 Re8 13. Qd2 Bd7 14. Bf4 Bxf4 15. Qxf4 Ne7 16. g4 Qh3 17. Qxf7+ Kxf7 18. Ng5+ 1-0

[Event "DESC SZ024 email"]
[Site "DESC email"]
[Date "2002.04.26"]
[Round "?"]
[White "Binder, Klaus"]
[Black "Riepe, Bernhard"]
[Result "0-1"]
[WhiteElo "1700"]
[BlackElo "2019"]
[PlyCount "20"]
[EventDate "2002.??.??"]
[EventType "tourn (corr)"]
[EventRounds "12"]
[EventCountry "GER"]
[SourceTitle "Corr 2004"]
[Source "ChessBase"]
[SourceDate "2003.04.28"]
[SourceVersion "3"]
[SourceVersionDate "2003.04.28"]
[SourceQuality "1"]

1. d4 d5 2. c4 dxc4 3. Nf3 c6 4. e3 b5 5. a4 Nf6 6. b3 cxb3 7. axb5 Be6 8. Bb2 Qb6 9. Nc3 Nd5 10. Nd2 Nxc3 0-1

[Event "DESC SZ024 email"]
[Site "DESC email"]
[Date "2002.04.26"]
[Round "?"]
[White "Riepe, Bernhard"]
[Black "Binder, Klaus"]
[Result "1-0"]
[WhiteElo "2019"]
[BlackElo "1700"]
[PlyCount "23"]
[EventDate "2002.??.??"]
[EventType "tourn (corr)"]
[EventRounds "12"]
[EventCountry "GER"]
[SourceTitle "Corr 2004"]
[Source "ChessBase"]
[SourceDate "2003.04.28"]
[SourceVersion "3"]
[SourceVersionDate "2003.04.28"]
[SourceQuality "1"]

1. d4 Nf6 2. f3 d5 3. e4 dxe4 4. Nc3 exf3 5. Nxf3 e6 6. Bg5 Be7 7. Bd3 Nc6 8. a3 a6 9. Qd2 0-0 10. 0-0-0 Nd5 11. Bxe7 Ncxe7 12. Ne4 1-0

[Event "DESC V0105 email"]
[Site "DESC email"]
[Date "2002.04.15"]
[Round "1"]
[White "Binder, Klaus"]
[Black "Nittschalk, Karl"]
[Result "0-1"]
[WhiteElo "1581"]
[BlackElo "1797"]
[PlyCount "48"]
[EventDate "2002.??.??"]
[EventType "tourn (corr)"]
[EventRounds "6"]
[EventCountry "GER"]
[SourceTitle "Corr 2004"]
[Source "ChessBase"]
[SourceDate "2003.04.28"]
[SourceVersion "3"]
[SourceVersionDate "2003.04.28"]
[SourceQuality "1"]

1. Nf3 Nf6 2. d4 d5 3. Bf4 Bf5 4. e3 e6 5. Bb5+ c6 6. Bd3 Bxd3 7. Qxd3 Nbd7 8. 0-0 Nh5 9. Re1 Nxf4 10. exf4 g6 11. Qb3 Qb6 12. Qxb6 Nxb6 13. h4 c5 14. dxc5 Bxc5 15. Nbd2 Rc8 16. c3 Na4 17. Rab1 Bd6 18. Ne5 Nc5 19. g3 Ke7 20. Rbd1 Na4 21. Nd3 h6 22. Nf3 Nc5 23. Nd4 Nxd3 24. Rxd3 a6 0-1

[Event "DESC D0156 email"]
[Site "DESC email"]
[Date "2002.04.09"]
[Round "1"]
[White "Koslowski, Volker"]
[Black "Binder, Klaus"]
[Result "1-0"]
[WhiteElo "2012"]
[BlackElo "1891"]
[PlyCount "29"]
[EventDate "2002.??.??"]
[EventType "tourn (corr)"]
[EventRounds "4"]
[EventCountry "GER"]
[SourceTitle "Corr 2004"]
[Source "ChessBase"]
[SourceDate "2003.04.28"]
[SourceVersion "3"]
[SourceVersionDate "2003.04.28"]
[SourceQuality "1"]

1. e4 c6 2. d4 d5 3. exd5 cxd5 4. c4 Nf6 5. Nc3 dxc4 6. Bxc4 e6 7. Nf3 Bd6 8. 0-0 0-0 9. Bg5 Nbd7 10. Qe2 h6 11. Bh4 Qa5 12. Rfe1 Qh5 13. Bxe6 Re8 14. g4 Qa5 15. Qb5 1-0

[Event "DESC D0155 email"]
[Site "DESC email"]
[Date "2002.04.07"]
[Round "1"]
[White "Kapfenstein, Armin"]
[Black "Binder, Klaus"]
[Result "1-0"]
[WhiteElo "1599"]
[BlackElo "1687"]
[PlyCount "37"]
[EventDate "2002.??.??"]
[EventType "tourn (corr)"]
[EventRounds "4"]
[EventCountry "GER"]
[SourceTitle "Corr 2004"]
[Source "ChessBase"]
[SourceDate "2003.04.28"]
[SourceVersion "3"]
[SourceVersionDate "2003.04.28"]
[SourceQuality "1"]

1. d4 Nf6 2. c4 e5 3. dxe5 Ng4 4. Bf4 Nc6 5. Nf3 Bb4+ 6. Nc3 Qe7 7. Qd5 f6 8. Rc1 fxe5 9. Bg5 Nf6 10. Bxf6 Qxf6 11. a3 Bxc3+ 12. Rxc3 d6 13. e4 Be6 14. Qb5 0-0 15. Be2 Nd4 16. Qxb7 Nxe2 17. Kxe2 Rab8 18. Qxa7 Rxb2+ 19. Kd1 1-0

[Event "DESC SE064 email"]
[Site "DESC email"]
[Date "2002.04.01"]
[Round "?"]
[White "Binder, Klaus"]
[Black "Baermann, Joachim"]
[Result "1-0"]
[WhiteElo "1605"]
[BlackElo "1883"]
[PlyCount "47"]
[EventDate "2002.??.??"]
[EventType "tourn (corr)"]
[EventRounds "6"]
[EventCountry "GER"]
[SourceTitle "Corr 2004"]
[Source "ChessBase"]
[SourceDate "2003.04.28"]
[SourceVersion "3"]
[SourceVersionDate "2003.04.28"]
[SourceQuality "1"]

1. b4 e5 2. Bb2 Bxb4 3. Bxe5 Nf6 4. Nc3 Nc6 5. Bxf6 Qxf6 6. Nd5 Qe5 7. Nxb4 Nxb4 8. Rb1 c5 9. e3 0-0 10. c3 Nc6 11. d4 Qe7 12. Bd3 d6 13. Ne2 cxd4 14. cxd4 d5 15. Rb5 Rd8 16. Nf4 Be6 17. Nxe6 fxe6 18. Qb1 Qh4 19. Rxb7 Rab8 20. 0-0 Rf8 21. Qb5 Rbc8 22. f3 a5 23. Rb6 Ne7 24. Rxe6 1-0

[Event "DESC SE064 email"]
[Site "DESC email"]
[Date "2002.04.01"]
[Round "?"]
[White "Von Rosenberg, Clemens"]
[Black "Binder, Klaus"]
[Result "1-0"]
[WhiteElo "1647"]
[BlackElo "1605"]
[PlyCount "21"]
[EventDate "2002.??.??"]
[EventType "tourn (corr)"]
[EventRounds "6"]
[EventCountry "GER"]
[SourceTitle "Corr 2004"]
[Source "ChessBase"]
[SourceDate "2003.04.28"]
[SourceVersion "3"]
[SourceVersionDate "2003.04.28"]
[SourceQuality "1"]

1. c4 Nf6 2. Nc3 e5 3. g3 Bc5 4. e3 d5 5. cxd5 Nxd5 6. Ne4 Be7 7. Bg2 Nc6 8. a3 0-0 9. d3 f5 10. Nd2 Be6 11. Ngf3 1-0

[Event "DESC V0099 email"]
[Site "DESC email"]
[Date "2002.02.16"]
[Round "?"]
[White "Binder, Klaus"]
[Black "Riepe, Bernhard"]
[Result "1/2-1/2"]
[WhiteElo "1841"]
[BlackElo "1956"]
[PlyCount "51"]
[EventDate "2002.??.??"]
[EventType "tourn (corr)"]
[EventRounds "6"]
[EventCountry "GER"]
[SourceTitle "Corr 2004"]
[Source "ChessBase"]
[SourceDate "2003.04.28"]
[SourceVersion "3"]
[SourceVersionDate "2003.04.28"]
[SourceQuality "1"]

1. f4 d5 2. Nf3 Bg4 3. d4 e6 4. Nbd2 Nf6 5. e3 Nbd7 6. Be2 c5 7. h3 Bxf3 8. Nxf3 Bd6 9. 0-0 0-0 10. c4 cxd4 11. cxd5 d3 12. Bxd3 exd5 13. Nh4 Nc5 14. Nf5 Re8 15. Bb5 Re6 16. Nd4 Re7 17. Nf5 Rc7 18. b3 a6 19. Bd3 Bf8 20. Bb2 Nxd3 21. Qxd3 Rac8 22. Ng3 Rc2 23. Bxf6 Qxf6 24. Qxd5 Re8 25. Rfc1 Rxc1+ 26. Rxc1 1/2-1/2

[Event "DESC V0099 email"]
[Site "DESC email"]
[Date "2002.02.15"]
[Round "1"]
[White "Derani, Jakobin"]
[Black "Binder, Klaus"]
[Result "1/2-1/2"]
[WhiteElo "1836"]
[BlackElo "1841"]
[PlyCount "70"]
[EventDate "2002.??.??"]
[EventType "tourn (corr)"]
[EventRounds "6"]
[EventCountry "GER"]
[SourceTitle "Corr 2004"]
[Source "ChessBase"]
[SourceDate "2003.04.28"]
[SourceVersion "3"]
[SourceVersionDate "2003.04.28"]
[SourceQuality "1"]

1. d4 Nf6 2. Nf3 d5 3. c4 e6 4. Bg5 Bb4+ 5. Nc3 dxc4 6. e4 b5 7. a4 c6 8. Be2 h6 9. Bxf6 Qxf6 10. 0-0 a6 11. axb5 Bxc3 12. bxc3 cxb5 13. Qc2 Bb7 14. Rfb1 Qg6 15. Nd2 Bc6 16. Ra2 0-0 17. Rba1 Ra7 18. Bf3 e5 19. d5 Bd7 20. Qb2 Rc7 21. Nf1 Rb7 22. Ne3 Rb6 23. Rb1 Rc8 24. Qe2 Rd6 25. Rd1 Re8 26. Raa1 Rd8 27. g3 Bc8 28. Bg2 Re8 29. Qb2 f5 30. Nxc4 bxc4 31. Qxb8 fxe4 32. Qb4 Bf5 33. Qxc4 Rc8 34. Qb3 Rb6 35. Qa2 Qd6 1/2-1/2

[Event "DESC SE060 email"]
[Site "DESC email"]
[Date "2002.02.10"]
[Round "?"]
[White "Binder, Klaus"]
[Black "Riepe, Bernhard"]
[Result "0-1"]
[WhiteElo "1887"]
[BlackElo "1930"]
[PlyCount "76"]
[EventDate "2002.??.??"]
[EventType "tourn (corr)"]
[EventRounds "6"]
[EventCountry "GER"]
[SourceTitle "Corr 2004"]
[Source "ChessBase"]
[SourceDate "2003.04.28"]
[SourceVersion "3"]
[SourceVersionDate "2003.04.28"]
[SourceQuality "1"]

1. d4 Nf6 2. c4 e5 3. dxe5 Ng4 4. Nf3 Bc5 5. e3 Nc6 6. a3 a5 7. Nbd2 0-0 8. Ne4 Ba7 9. Bd2 Re8 10. c5 b6 11. Bc3 Bb7 12. e6 fxe6 13. Nfg5 Nce5 14. Be2 Nf6 15. Qd4 Ng6 16. Nxf6+ gxf6 17. Ne4 e5 18. Qa4 f5 19. Ng3 f4 20. Nf5 Bc6 21. Bb5 Bxb5 22. Qxb5 bxc5 23. Rd1 c6 24. Qb7 Qg5 25. Qxd7 Nf8 26. h4 Qxg2 27. Nh6+ Kh8 28. Qh3 Qg7 29. Nf5 Qf6 30. Qg4 fxe3 31. fxe3 Bb8 32. Rg1 Qg6 33. Nd6 Re6 34. Qxg6 Rxg6 35. Rxg6 hxg6 36. Nc4 Bc7 37. Nxe5 Bxe5 38. Bxe5+ Kg8 0-1

[Event "DESC D0140 email"]
[Site "DESC email"]
[Date "2002.02.04"]
[Round "1"]
[White "Binder, Klaus"]
[Black "Riepe, Bernhard"]
[Result "1/2-1/2"]
[WhiteElo "1852"]
[BlackElo "1954"]
[PlyCount "47"]
[EventDate "2002.??.??"]
[EventType "tourn (corr)"]
[EventRounds "4"]
[EventCountry "GER"]
[SourceTitle "Corr 2004"]
[Source "ChessBase"]
[SourceDate "2003.04.28"]
[SourceVersion "3"]
[SourceVersionDate "2003.04.28"]
[SourceQuality "1"]

1. e4 c5 2. Nc3 Nc6 3. Nf3 d6 4. d4 cxd4 5. Nxd4 Nf6 6. Be2 g6 7. 0-0 Nxd4 8. Qxd4 Bg7 9. Be3 0-0 10. Qd3 a6 11. Bd4 b5 12. Bf3 b4 13. Nd5 Nxd5 14. exd5 Bf5 15. Be4 Bxe4 16. Qxe4 Bxd4 17. Qxd4 Rc8 18. Qxb4 Rxc2 19. Rac1 Re2 20. Rb1 Qc7 21. a3 Qb8 22. Qd4 e5 23. Qc4 Rxb2 24. Rxb2 1/2-1/2

[Event "DESC D0140 email"]
[Site "DESC email"]
[Date "2002.02.04"]
[Round "1"]
[White "Schirmer, Michael"]
[Black "Binder, Klaus"]
[Result "1-0"]
[WhiteElo "2136"]
[BlackElo "1852"]
[PlyCount "49"]
[EventDate "2002.??.??"]
[EventType "tourn (corr)"]
[EventRounds "4"]
[EventCountry "GER"]
[SourceTitle "Corr 2004"]
[Source "ChessBase"]
[SourceDate "2003.04.28"]
[SourceVersion "3"]
[SourceVersionDate "2003.04.28"]
[SourceQuality "1"]

1. b4 a5 2. b5 Nf6 3. Bb2 d5 4. Nf3 Nbd7 5. e3 e6 6. c4 a4 7. a3 Bd6 8. d4 c5 9. cxd5 exd5 10. dxc5 Nxc5 11. Nbd2 0-0 12. Be2 Qe7 13. 0-0 Bg4 14. h3 Bh5 15. Nh4 Bxe2 16. Qxe2 Qe6 17. Ndf3 Rfe8 18. Nd4 Qe4 19. Nhf5 Be5 20. Rfd1 Nb3 21. Nxb3 Qxf5 22. Nd4 Qg6 23. Nf3 Bxb2 24. Qxb2 Rac8 25. Rac1 1-0

[Event "DESC-ch email"]
[Site "DESC email"]
[Date "2002.??.??"]
[Round "2.1"]
[White "Binder, Klaus"]
[Black "Krueger, Michael"]
[Result "0-1"]
[WhiteElo "1700"]
[BlackElo "1935"]
[PlyCount "38"]
[EventDate "2001.??.??"]
[EventType "team (corr)"]
[EventRounds "3"]
[EventCountry "GER"]
[SourceTitle "Corr 2004"]
[Source "ChessBase"]
[SourceDate "2003.04.28"]
[SourceVersion "3"]
[SourceVersionDate "2003.04.28"]
[SourceQuality "1"]

1. Nf3 Nf6 2. d4 g6 3. Nbd2 d5 4. c4 dxc4 5. e3 Bg7 6. Bxc4 0-0 7. 0-0 Nc6 8. Qc2 Qd6 9. Rd1 e5 10. dxe5 Nxe5 11. Nxe5 Qxe5 12. Nf3 Qe7 13. Bd2 Ne4 14. Be1 Bg4 15. Bd5 Ng5 16. Nxg5 Bxd1 17. Rxd1 Qxg5 18. Qxc7 Be5 19. Qc2 Qf6 0-1

[Event "DESC SE050 email"]
[Site "DESC email"]
[Date "2002.??.??"]
[Round "?"]
[White "Markus, Roland"]
[Black "Binder, Klaus"]
[Result "1-0"]
[WhiteElo "2061"]
[BlackElo "1914"]
[PlyCount "71"]
[EventDate "2001.??.??"]
[EventType "tourn (corr)"]
[EventRounds "6"]
[EventCountry "GER"]
[SourceTitle "Corr 2004"]
[Source "ChessBase"]
[SourceDate "2003.04.28"]
[SourceVersion "3"]
[SourceVersionDate "2003.04.28"]
[SourceQuality "1"]

1. d4 d5 2. e3 Nf6 3. Bd3 Nc6 4. f4 Bg4 5. Nf3 Nb4 6. Be2 Bf5 7. Na3 Ne4 8. c3 Nc6 9. 0-0 e6 10. Qa4 f6 11. Nh4 Qd7 12. Nb5 Bg6 13. c4 Be7 14. f5 Bf7 15. Bg4 e5 16. cxd5 Bxd5 17. dxe5 0-0 18. e6 Qc8 19. Bf3 Nc5 20. Qf4 Bxf3 21. Nxf3 Nd3 22. Qxc7 Qxc7 23. Nxc7 Rad8 24. Rd1 Bc5 25. e7 Nxe7 26. Ne6 Nxc1 27. Nxd8 Bxe3+ 28. Kf1 Nxf5 29. Rd7 Re8 30. g4 Re7 31. Rd1 Nh6 32. h3 Re8 33. Nxb7 Rb8 34. Nd6 Rd8 35. Re1 Bf4 36. Nc4 1-0

[Event "DESC V0092 email"]
[Site "DESC email"]
[Date "2001.12.23"]
[Round "?"]
[White "Binder, Klaus"]
[Black "Hamer, Frank"]
[Result "0-1"]
[WhiteElo "1760"]
[BlackElo "1882"]
[PlyCount "41"]
[EventDate "2001.??.??"]
[EventType "tourn (corr)"]
[EventRounds "6"]
[EventCountry "GER"]
[SourceTitle "Corr 2004"]
[Source "ChessBase"]
[SourceDate "2003.04.28"]
[SourceVersion "3"]
[SourceVersionDate "2003.04.28"]
[SourceQuality "1"]

1. e4 e5 2. Nf3 Nf6 3. Nxe5 d6 4. Nf3 Nxe4 5. d4 d5 6. Bd3 Be7 7. 0-0 0-0 8. c4 Nc6 9. cxd5 Qxd5 10. Nc3 Nxc3 11. bxc3 Rd8 12. Re1 h6 13. Be4 Qd6 14. Bb1 a5 15. Qd3 Qg6 16. Qxg6 fxg6 17. Bxg6 Bf6 18. Ba3 Bg4 19. Be4 Kf7 20. Rab1 Rab8 21. Rb5 0-1

[Event "DESC V0092 email"]
[Site "DESC email"]
[Date "2001.12.23"]
[Round "?"]
[White "Hamer, Frank"]
[Black "Binder, Klaus"]
[Result "1-0"]
[WhiteElo "1882"]
[BlackElo "1760"]
[PlyCount "34"]
[EventDate "2001.??.??"]
[EventType "tourn (corr)"]
[EventRounds "6"]
[EventCountry "GER"]
[SourceTitle "Corr 2004"]
[Source "ChessBase"]
[SourceDate "2003.04.28"]
[SourceVersion "3"]
[SourceVersionDate "2003.04.28"]
[SourceQuality "1"]

1. d4 Nf6 2. c4 e6 3. Nf3 d5 4. Nc3 c6 5. Bg5 dxc4 6. e4 b5 7. e5 h6 8. Bh4 g5 9. Bg3 Nd5 10. Nd2 Be7 11. Be2 Nf4 12. Bxf4 gxf4 13. Nf3 b4 14. Nb1 Rg8 15. 0-0 c5 16. Bxc4 Bb7 17. Bb5+ Kf8 1-0

[Event "DESC D0133 email"]
[Site "DESC email"]
[Date "2001.12.21"]
[Round "1"]
[White "Binder, Klaus"]
[Black "Mueller, Thomas1"]
[Result "1/2-1/2"]
[WhiteElo "1865"]
[BlackElo "1946"]
[PlyCount "61"]
[EventDate "2001.??.??"]
[EventType "tourn (corr)"]
[EventRounds "4"]
[EventCountry "GER"]
[SourceTitle "Corr 2004"]
[Source "ChessBase"]
[SourceDate "2003.04.28"]
[SourceVersion "3"]
[SourceVersionDate "2003.04.28"]
[SourceQuality "1"]

1. Nf3 f5 2. d4 Nf6 3. g3 e6 4. Bg2 Be7 5. 0-0 0-0 6. c4 d6 7. Nc3 Qe8 8. Bg5 Ne4 9. Bf4 Nxc3 10. bxc3 Qh5 11. Qd2 h6 12. c5 g5 13. cxd6 cxd6 14. Be3 Nd7 15. Qd3 Nf6 16. c4 Bd7 17. Rfc1 Bc6 18. d5 exd5 19. cxd5 Nxd5 20. Nd4 Nxe3 21. Nxc6 bxc6 22. Qxe3 Bf6 23. Bxc6 Bxa1 24. Bd5+ Kh8 25. Bxa8 Rxa8 26. Rxa1 Qf7 27. Rc1 Rd8 28. Qd3 Rd7 29. e4 f4 30. a3 Qe6 31. Rc8+ 1/2-1/2

[Event "DESC D0133 email"]
[Site "DESC email"]
[Date "2001.12.21"]
[Round "1"]
[White "Binder, Klaus"]
[Black "Schirmer, Michael"]
[Result "0-1"]
[WhiteElo "1865"]
[BlackElo "2086"]
[PlyCount "65"]
[EventDate "2001.??.??"]
[EventType "tourn (corr)"]
[EventRounds "4"]
[EventCountry "GER"]
[SourceTitle "Corr 2004"]
[Source "ChessBase"]
[SourceDate "2003.04.28"]
[SourceVersion "3"]
[SourceVersionDate "2003.04.28"]
[SourceQuality "1"]

1. d4 b5 2. e4 a6 3. Nf3 Bb7 4. Bd3 e6 5. Nbd2 c5 6. c3 cxd4 7. cxd4 Nf6 8. 0-0 Be7 9. a4 bxa4 10. e5 Nd5 11. Ne4 0-0 12. Qxa4 Qb6 13. Be3 Nc6 14. Nc5 Nxe3 15. fxe3 Bxc5 16. dxc5 Qxc5 17. Qe4 g6 18. Rac1 Qb6 19. Qf4 Ne7 20. Rf2 Bxf3 21. Qxf3 Rab8 22. Qg3 Qa5 23. Rfc2 Nc6 24. Rc5 Qd2 25. Bxa6 Rxb2 26. Re1 Ne7 27. Be2 Nf5 28. Qf2 Nxe3 29. h3 f6 30. Rb5 Rxb5 31. Bxb5 Qxf2+ 32. Kxf2 Nc2 33. Bxd7 0-1